Dẫn luận ngữ nghĩa Introduction a la semantique
Đã lưu trong:
| 主要作者: | |
|---|---|
| 格式: | 圖書 |
| 語言: | Vietnamese |
| 出版: |
Hà Nội
Đại học Quốc gia Hà Nội
2004
|
| 主題: | |
| 標簽: |
添加標簽
沒有標簽, 成為第一個標記此記錄!
|
| Thư viện lưu trữ: | Trung tâm Học liệu Lê Vũ Hùng, Trường Đại học Đồng Tháp |
|---|
| LEADER | 00765pam a22002298a 4500 | ||
|---|---|---|---|
| 001 | 00044535 | ||
| 005 | 20190812090855.0 | ||
| 008 | 120217s2004 ||||||viesd | ||
| 020 | # | # | |c 21500 |
| 041 | 0 | # | |a fra |
| 082 | 1 | 4 | |a 410.1 |b D121L |
| 100 | 1 | # | |a Vũ, Thị Ngân |
| 245 | 1 | 0 | |b Introduction a la semantique |a Dẫn luận ngữ nghĩa |c Vũ Thị Ngân |
| 260 | # | # | |a Hà Nội |b Đại học Quốc gia Hà Nội |c 2004 |
| 300 | # | # | |c 21 cm. |a 118 tr. |
| 653 | # | # | |a Dẫn luận |
| 653 | # | # | |a Giới thiệu |
| 653 | # | # | |a Ngôn ngữ |
| 653 | # | # | |a Ngữ nghĩa |
| 852 | # | # | |j KM.0031407 |j KM.0031406 |j KD.0025306 |j KM.0031408 |
| 910 | # | # | |d 12/08/2019 |
| 980 | # | # | |a Trung tâm Học liệu Lê Vũ Hùng, Trường Đại học Đồng Tháp |